| 000 | 00354nam a22001337a 4500 | ||
|---|---|---|---|
| 999 |
_c3915 _d3915 |
||
| 008 | 200707b ||||| |||| 00| 0 eng d | ||
| 082 | 0 | 0 |
_a004.256 _bC7325 |
| 100 |
_93228 _aComer, D. J. |
||
| 245 | 1 | 0 |
_aMicroprocessor-based system design / _cby D. J. Comer |
| 260 |
_aNew York _bCBS _c1986 |
||
| 300 | _ax, 389 p. | ||
| 650 | 0 | _aMicroprocessors | |
| 942 | _cBK | ||